000 00961cam a2200265 a 4500
001 19296
003 BD-RjUL
005 20211209000419.0
008 140223r19551923enk b 001 0 eng d
035 _a(BD-RjUL)19354
040 _aXerox
_dBD-RjUL
_beng
_cANL
041 _aeng
082 0 4 _a891.5109
_222
_bLEP 1955
100 1 _aLevy, Reuben.
_959347
245 1 0 _aPersian literature :
_ban introduction /
_cby Reuben Levy.
260 _aLondon :
_bOxford University Press,
_c1923 [Reprinted 1955].
300 _a112 p. ;
_c19 cm.
490 1 _aLanguage & literature series
504 _aIncludes bibliography titled "A list of modern general works, Persian texts, and translations published mainly in Europe": p. [104]-110 and index of authors.
650 0 _aPersian literature
_xHistory and criticism.
_956443
830 0 _aLanguage and literature series.
_959355
830 3 _aThe World's manuals.
_959356
942 _2ddc
_cBK
999 _c19296
_d19296